| 000 | 00552nam a2200169Ia 4500 | ||
|---|---|---|---|
| 008 | 090201s9999 xx 000 0 und d | ||
| 010 | _aKPL-18181 | ||
| 040 | _bमराठी | ||
| 041 | _aमराठी | ||
| 082 |
_a6841 _b18181 |
||
| 100 | _aशं श्री देव | ||
| 245 |
_aश्री स्वानुभव दिनकर _cशं श्री देव |
||
| 260 |
_c2004 _bशं.श्री.देव |
||
| 300 |
_a515 _bमोठा |
||
| 600 | _aश्री स्वानुभव दिनकर | ||
| 942 | _cBOOK | ||
| 999 |
_c207631 _d207631 |
||